000
00236nam a2200085Ia 4500
245
0
_a
Seisoene
100
_a
Olivier, Ezette Germiston, 2009 1ste Afrikaanse uitg
_9
78026
942
_c
BK
008
210817s9999 xx 000 0 und d
999
_c
268821
_d
268820